Music Quiz

Random Music or Clickable Quiz

Fill in the Lyrics Quiz Stats

 Plays Quiz Updated Mar 27, 2018

Support Sporcle.
Go Orange.
Score 0/20 Timer 05:00
15 Plays Today
% Correct
House
88%
Georgia
86%
Bullfrog
85.8%
Turned
84.2%
Plunder
81.4%
Burning
78.9%
Pretend
77.2%
Standing
76%
Quit
70.8%
Red
68.5%
% Correct
Passion
67.7%
Ribbons
65.3%
Sign
62.1%
Watching
58.8%
Around
56.8%
Close
43.1%
Ukraine
41.7%
Slide
41.6%
Starting
36.5%
Spotlight
20.9%

You're not logged in!

Compare scores with friends on all Sporcle quizzes.
OR
Log In
Forgot?

From the Vault

Comedy Movies by Taglines III

by KyleO

Movies 6m
Even the taglines crack us up.
Remove Ads.
Support Sporcle.
Get the best of Sporcle when you Go Orange. This ad-free experience offers more features, more stats, and more fun while also helping to support Sporcle. Thank you for becoming a member.

Show Comments

Extras

Top Quizzes Today


Score Distribution

Your Account Isn't Verified!

In order to create a playlist on Sporcle, you need to verify the email address you used during registration. Go to your Sporcle Settings to finish the process.

Report this User

Report this user for behavior that violates our Community Guidelines.

Details: